Un barco muy pirata /

Guardado en:
Autor Principal: Roldán, Gustavo
Otros Autores: Cubillas, Roberto; il.
Formato: Libro
Publicado: Córdoba [argentina] : Comunic-arte, 2013
Edición:3a. ed.
Series:Bicho bolita / Carolina Rossi
Materias:
Etiquetas: Agregar Etiqueta
Sin Etiquetas, Sea el primero en etiquetar este registro!
LEADER 02569nam a22004935a 4500
001 CEM.cems015127
008 130507s2013##################000#0#####d
005 20230825101459.0
245 1 0 |a Un barco muy pirata /  |c Gustavo Roldán ; ilustrado Por Roberto Cubillas 
250 |a 3a. ed. 
260 |a Córdoba [argentina] :  |b Comunic-arte,  |c 2013 
300 |a 32 p. 
490 0 |a Bicho bolita / Carolina Rossi 
020 |a 9789876022477 
100 1 |a Roldán, Gustavo 
700 1 |a Cubillas, Roberto; il. 
082 0 4 |a A868.4 
653 |a Literatura 
653 |a Literatura argentina 
653 |a Literatura infantil 
653 |a Cuentos infantiles 
653 |a Colección ciencias de la educación 
859 |a CEMS  |b BIB. CEMS - Inicial y Primaria  |h A868.4  |i R643-1  |k IP  |p 4195  |t Ej.1 
859 |a CEMS  |b BIB. CEMS - Ccias. Educacion  |h A868.4  |i R643  |k CE  |p 27975.19  |t Ej.1 
859 |a CEMS  |b BIB. CEMS - Inicial y Primaria  |h A868.4  |i R643-1  |k IP  |p 4196  |t Ej.2 
859 |a CEMS  |b BIB. CEMS - Ccias. Educacion  |h A868.4  |i R643  |k CE  |p 28621.19  |t Ej.2 
859 |a CEMS  |b BIB. CEMS - Inicial y Primaria  |h A868.4  |i R643-1  |k IP  |p 4197  |t Ej.3 
859 |a CEMS  |b BIB. CEMS - Inicial y Primaria  |h A868.4  |i R643-1  |k IP  |p 4198  |t Ej.4 
859 |a CEMS  |b BIB. CEMS - Inicial y Primaria  |h A868.4  |i R643-1  |k IP  |p 4199  |t Ej.5 
859 |a CEMS  |b BIB. CEMS - Inicial y Primaria  |h A868.4  |i R643-1  |k IP  |p 4200  |t Ej.6 
859 |a CEMS  |b BIB. CEMS - Inicial y Primaria  |h A868.4  |i R643-1  |k IP  |p 4201  |t Ej.7 
859 |a CEMS  |b BIB. CEMS - Inicial y Primaria  |h A868.4  |i R643-1  |k IP  |p 4202  |t Ej.8 
859 |a CEMS  |b BIB. CEMS - Inicial y Primaria  |h A868.4  |i R643-1  |k IP  |p 4203  |t Ej.9 
859 |a CEMS  |b BIB. CEMS - Inicial y Primaria  |h A868.4  |i R643-1  |k IP  |p 4204  |t Ej.10 
859 |a CEMS  |b BIB. CEMS - Inicial y Primaria  |h A868.4  |i R643-1  |k IP  |p 4205  |t Ej.11 
859 |a CEMS  |b BIB. CEMS - Inicial y Primaria  |h A868.4  |i R643-1  |k IP  |p 4207  |t Ej.13 
859 |a CEMS  |b BIB. CEMS - Inicial y Primaria  |h A868.4  |i R643-1  |k IP  |p 4208  |t Ej.14 
859 |a CEMS  |b BIB. CEMS - Inicial y Primaria  |h A868.4  |i R643-1  |k IP  |p 4209  |t Ej.15 
859 |a CEMS  |b BIB. CEMS - Inicial y Primaria  |h A868.4  |i R643-1  |k IP  |p 4210  |t Ej.16 
859 |a CEMS  |b BIB. CEMS - Inicial y Primaria  |h A868.4  |i R643-1  |k IP  |p 4211  |t Ej.17 
859 |a CEMS  |b BIB. CEMS - Inicial y Primaria  |h A868.4  |i R643-1  |k IP  |p 4212  |t Ej.18 
859 |a CEMS  |b BIB. CEMS - Inicial y Primaria  |h A868.4  |i R643-1  |k IP  |p 4213  |t Ej.19 
859 |a CEMS  |b BIB. CEMS - Inicial y Primaria  |h A868.4  |i R643-1  |k IP  |p 4214  |t Ej.20 
859 |a CEMS  |b BIB. CEMS - Inicial y Primaria  |h A868.4  |i R643-1  |k IP  |p 4215  |t Ej.21